000 00747nam a2200217Ii 4500
003 JO-AjNU
008 230605s9999||||xx |||||||||||||| ||und||
017 _a2005/5/1030
040 _aJO-AjNU
_bara
_erda
_cJO-AjNU
041 _aara
050 1 4 _aPJ7580 2005
100 3 _aالدبابية، أحمد فلاح,
_eauthor
_935332
245 0 0 _aمن تراث البادية القهوة والبدو
250 _aط1
264 3 1 _aعمان:البيت العتيق للنشر والتوزيع،2005
300 _a88ص
336 _atext
_btxt
_2rdacontent
337 _aunmediated
_bn
_2rdamedia
338 _avolume
_bnc
_2rdacarrier
650 4 _aالمجتمعات القبلية - البدو - تراث - القهوة العربية
_935333
999 _aA14576
_c18144
_d18144